000 00621nam a2200229Ia 4500
003 OSt
005 20220925215520.0
006 a|||||r|||| 00| 0
007 ta
008 220923b |||||||| |||| 00| 0 eng d
037 _cGeneral Book
040 _aRTL
_cRTL
_beng
041 _2eng
_aeng
082 _an1N45.N49, H9
110 _aUN ASSOCIATION
_9282998
245 0 _aUnited nations associations yearbook 1949-50
260 _aLondon
_bHutchinson
_c1949
300 _a448p
_ccm.
700 _aUN ASSOCIATION
_9282999
942 _hn1N45.N49, H9
_cGB
_2CC
999 _c569001
_d569001